LEADER 02894oam 2200649I 450 001 9910459451003321 005 20200520144314.0 010 $a0-429-90451-7 010 $a0-429-47974-3 010 $a1-282-90077-3 010 $a9786612900778 010 $a1-84940-694-4 024 7 $a10.4324/9780429479748 035 $a(CKB)2670000000054788 035 $a(EBL)690011 035 $a(OCoLC)729244654 035 $a(SSID)ssj0000487251 035 $a(PQKBManifestationID)11328769 035 $a(PQKBTitleCode)TC0000487251 035 $a(PQKBWorkID)10445957 035 $a(PQKB)11333900 035 $a(MiAaPQ)EBC690011 035 $a(Au-PeEL)EBL690011 035 $a(CaPaEBR)ebr10428146 035 $a(CaONFJC)MIL290077 035 $a(OCoLC)1029247152 035 $a(EXLCZ)992670000000054788 100 $a20180706d2009 uy 0 101 0 $aeng 135 $aur|n|---||||| 181 $ctxt 182 $cc 183 $acr 200 10$aSchool violence $estudies in alienation, revenge, and redemption /$fIngrid Rose 210 1$aLondon :$cKarnac Books,$d2009. 215 $a1 online resource (161 p.) 300 $aDescription based upon print version of record. 311 $a0-367-32479-2 311 $a1-85575-613-7 320 $aIncludes bibliographical references (p. 129-137) and index. 327 $aCOVER; CONTENTS; ACKNOWLEDGEMENTS; PREFACE; ABSTRACT School violence; CHAPTER ONE Setting the stage; CHAPTER TWO Depth psychology and school violence; CHAPTER THREE New ideas on school alienation and violence; CHAPTER FOUR Interventive methods; CHAPTER FIVE Preventive measures; CHAPTER SIX Group dialogue and the quantum field; CHAPTER SEVEN Conclusion and final reflections; BIBLIOGRAPHY; INDEX 330 $aExperiences of violence in schools are encountered much more frequently than they used to be. The shocking repercussions of these acts are felt nation-wide and particularly impact school populations, families and communities. This book undertakes to illuminate factors pertaining to the phenomenon of school violence. It is intended for professionals such as school principals, teachers, social workers, psychologists, school administrators, school counselors and all who work directly with youth in various contexts. It is also intended for parents, family and community members, youth advisors and 606 $aSchool violence 606 $aSchool violence$xPsychological aspects 606 $aSchool violence$xSocial aspects 608 $aElectronic books. 615 0$aSchool violence. 615 0$aSchool violence$xPsychological aspects. 615 0$aSchool violence$xSocial aspects. 676 $a371.782 700 $aRose$b Ingrid$0907177 801 0$bFlBoTFG 801 1$bFlBoTFG 906 $aBOOK 912 $a9910459451003321 996 $aSchool violence$92029590 997 $aUNINA LEADER 01479nam 2200529 450 001 9910672048803321 010 $a84-9123-538-8 035 $a(CKB)4100000005600304 035 $a(MiAaPQ)EBC5486464 035 $a(OCoLC)1105466136 035 $a(FlNmELB)ELB58765 035 $a(EXLCZ)994100000005600304 100 $a20180910d2017 uy 0 101 0 $aspa 135 $aurcnu|||||||| 181 $2rdacontent 182 $2rdamedia 183 $2rdacarrier 200 10$aPobreza, corrupcio?n, (in)seguridad juri?dica /$fJorge F. Malem Sen?a 210 1$aMadrid :$cMarcial Pons Ediciones Juri?dicas y Sociales,$d2017. 215 $a1 online resource (141 pa?ginas) 225 1 $aCa?tedra de Cultura Juri?dica 300 $aContiene i?ndice. 311 $a84-9123-408-X 320 $aContiene bibliografi?a. 410 0$aCa?tedra de Cultura Juri?dica. 606 $aPoverty 606 $aCorruption 606 $aLaw 606 $aPobreza 606 $aCorrupcio?n 606 $aDerecho 608 $aLibros electronicos. 615 0$aPoverty. 615 0$aCorruption. 615 0$aLaw. 615 4$aPobreza. 615 4$aCorrupcio?n. 615 4$aDerecho. 676 $a339.46 700 $aMalem Sen?a$b Jorge F$01333682 801 0$bFINmELB 801 1$bFINmELB 906 $aBOOK 912 $a9910672048803321 996 $aPobreza, corrupcio?n, (in)seguridad juri?dica$93043547 997 $aUNINA